000 01322nam a22002177a 4500
999 _c5399
_d5399
003 AR-CdUCM
008 190312b ||||| |||| 00| 0 spa d
040 _aMUNICIPALIDAD PROVINCIAL DEL CUSCO
_cBIBLIOTECA MUNICIPAL DEL CUSCO
082 _a985.23 /
_bB25
100 _aBarrantes Arrese, Jorge
_916275
245 _aChorrillos :
_bantología histórica /
260 _aLima :
_bCentro de Estudios Histórico Militares del Perú,
_c1994.
300 _a67 páginas ;
_bilustraciones, retratos,
_c21 cm.
440 _aColección Historia y patria.
_n4
_916276
505 _aContenido: 1823-1923, Recordando a José O. Laya / Germán Stiglich -- 1823 -- José Olaya Balandra, héroe Chorrillano / José Bernardo Tagle 1823 -- La aristocrática Chorrillos en los días de la Independencia Gabriel Lafond -- 1823-1824, Chorrillos, el Brighton de Lima / Robert Proctor -- 1834, Disfrutes de élite en Chorrillos / Eugene de Sartiges -- 1835, Flora Tristán en Chorrillos / Juan José Vega -- 1843, Chorrillos Baden-Baden del Perú, en las acuarelas de M. Rugendas / José Flores Araoz -- 1867, Chorrillos : pueblo predilecto de la aristocracia / Manuel A. Fuentes -- 1875, A Pachacamac, por Chorrillos ...
650 _aChorrillos
_916277
650 _aLima
_9231
650 _aPerú
_935
942 _2ddc
_cLIBROS
945 _aachl